MULLA HINDU LAW (Record no. 10529)

MARC details
000 -LEADER
fixed length control field 00350nam a22001577a 4500
003 - CONTROL NUMBER IDENTIFIER
control field SGT
020 ## - INTERNATIONAL STANDARD BOOK NUMBER
International Standard Book Number 9789351438748
082 ## - DEWEY DECIMAL CLASSIFICATION NUMBER
Classification number 342.095 4,MUL
100 ## - MAIN ENTRY--PERSONAL NAME
Personal name MULLA, DINSHAW FARDUNJI MULLA
245 ## - TITLE STATEMENT
Title MULLA HINDU LAW
250 ## - EDITION STATEMENT
Edition statement 22ND
260 ## - PUBLICATION, DISTRIBUTION, ETC. (IMPRINT)
Place of publication, distribution, etc GURGAON
Name of publisher, distributor, etc LEXIS NEXIS
Year of Publication 2016
300 ## - PAGE DESCRIPTION
No. of Pages 1493
650 ## - SUBJECT ADDED ENTRY--TOPICAL TERM
Topical term or geographic name as entry element MULLA HINDU LAW
942 ## - ADDED ENTRY ELEMENTS (KOHA)
Source of classification or shelving scheme Dewey Decimal Classification
Koha item type Books
Holdings
Withdrawn status Lost status Source of classification or shelving scheme Damaged status Not for loan Collection code Home library Current library Shelving location Date acquired Vendor Name Cost, normal purchase price SGTU Bill Number Total Checkouts Full call number Accession No. (Barcode) Date last seen Bill Date Koha item type Date last borrowed
    Dewey Decimal Classification     LAW SGT Science & Social Sciences Library SGT Science & Social Sciences Library Text Book 20/01/2017 COMMERICAL BOOK HOUSE 2495.00 SGTU 830   342.095 4,MUL FL1329 20/01/2017 15/07/2016 Books  
    Dewey Decimal Classification     LAW SGT Science & Social Sciences Library SGT Science & Social Sciences Library Text Book 20/01/2017 COMMERICAL BOOK HOUSE 2495.00 SGTU 830 1 342.095 4,MUL FL1330 03/09/2019 15/07/2016 Books 08/08/2019
    Dewey Decimal Classification     LAW SGT Science & Social Sciences Library SGT Science & Social Sciences Library Text Book 20/01/2017 COMMERICAL BOOK HOUSE 2495.00 SGTU 830 3 342.095 4,MUL FL1331 10/12/2024 15/07/2016 Books 22/10/2019
    Dewey Decimal Classification     LAW SGT Science & Social Sciences Library SGT Science & Social Sciences Library Text Book 20/01/2017 COMMERICAL BOOK HOUSE 2495.00 SGTU 830 1 342.095 4,MUL FL1332 04/12/2018 15/07/2016 Books 10/10/2018
    Dewey Decimal Classification   Not For Loan LAW SGT Science & Social Sciences Library SGT Science & Social Sciences Library Reference Book 20/01/2017 COMMERICAL BOOK HOUSE 2495.00 SGTU 830   342.095 4,MUL FL1333 20/01/2017 15/07/2016 Books